[Event "SportAccord Blitz 2014"]
[Site "Beijing CHN"]
[Date "2014.12.13"]
[Round "27.8"]
[White "Wojtaszek, Radoslaw"]
[Black "Aronian, Levon"]
[Result "0-1"]
[WhiteTitle "GM"]
[BlackTitle "GM"]
[WhiteElo "2744"]
[BlackElo "2797"]
[WhiteFideId "1118358"]
[BlackFideId "13300474"]
[EventDate "2014.12.13"]

1. d4 Nf6 2. c4 g6 3. Nc3 d5 4. cxd5 Nxd5 5. e4 Nxc3 6. bxc3 Bg7 7. Bb5+ c6 8.
Ba4 O-O 9. Ne2 e5 10. O-O Qe7 11. f3 Nd7 12. Be3 Nb6 13. Bb3 Be6 14. Qc1 Bc4 15.
Re1 Rad8 16. Bg5 Bf6 17. Bxf6 Qxf6 18. f4 exd4 19. Nxd4 Qd6 20. e5 Qc5 21. f5
Bxb3 22. axb3 Nd5 23. f6 Qxc3 24. Qxc3 Nxc3 25. Nf3 a6 26. Rac1 Nd5 27. g4 Nf4
28. Rc4 Ne6 29. Kf2 Rd3 30. Re3 Rfd8 31. h4 h6 32. Rc3 R3d5 33. h5 g5 34. Ng1
Rd4 35. Ne2 Rxg4 36. Rcd3 Rxd3 37. Rxd3 Re4 38. Rd7 Rxe5 39. Ng3 Rb5 40. Ne4
Rf5+ 41. Kg3 Rf4 42. Nf2 Nc5 43. Re7 Rxf6 44. b4 Re6 45. Rc7 Ne4+ 0-1

[Event "SportAccord Blitz 2014"]
[Site "Beijing CHN"]
[Date "2014.12.13"]
[Round "28.4"]
[White "Bacrot, Etienne"]
[Black "Nepomniachtchi, Ian"]
[Result "0-1"]
[WhiteTitle "GM"]
[BlackTitle "GM"]
[WhiteElo "2718"]
[BlackElo "2714"]
[WhiteFideId "605506"]
[BlackFideId "4168119"]
[EventDate "2014.12.13"]

1. d4 Nf6 2. c4 g6 3. Nc3 d5 4. cxd5 Nxd5 5. e4 Nxc3 6. bxc3 Bg7 7. Nf3 c5 8.
Rb1 O-O 9. Be2 b6 10. O-O Qd7 11. Bg5 Ba6 12. Bxa6 Nxa6 13. Qe2 Nc7 14. Rfd1
cxd4 15. cxd4 Ne6 16. Be3 Rac8 17. h4 Rc3 18. d5 Nc5 19. Bd4 Bxd4 20. Nxd4 Ra3
21. h5 Ra4 22. Rbc1 Qd6 23. hxg6 hxg6 24. f3 Qf6 25. Nc6 Kg7 26. Rc4 Ra3 27. e5
Qg5 28. d6 Rh8 29. dxe7 Re3 30. Qd2 Nd3 31. e8=N+ Rxe8 32. Re4 Nf4 33. Rxe3 Nxg2
34. Re4 Ne3+ 35. Kf2 Nxd1+ 36. Qxd1 Rh8 37. Ke2 Rh2+ 38. Kd3 Qg2 39. e6 Qxa2 40.
e7 Qa3+ 41. Kd4 Qc5+ 42. Kd3 Qa3+ 43. Kd4 Qd6+ 44. Ke3 Qxd1 45. e8=Q Qd2# 0-1

[Event "SportAccord Blitz 2014"]
[Site "Beijing CHN"]
[Date "2014.12.13"]
[Round "28.5"]
[White "Gelfand, Boris"]
[Black "Wojtaszek, Radoslaw"]
[Result "0-1"]
[WhiteTitle "GM"]
[BlackTitle "GM"]
[WhiteElo "2743"]
[BlackElo "2744"]
[WhiteFideId "2805677"]
[BlackFideId "1118358"]
[EventDate "2014.12.13"]

1. d4 Nf6 2. c4 e6 3. Nf3 b6 4. Bf4 Bb4+ 5. Nfd2 Bb7 6. e3 O-O 7. a3 Be7 8. Nc3
c5 9. dxc5 bxc5 10. Nf3 d6 11. Be2 Qb6 12. O-O Nbd7 13. g3 Ne4 14. Rb1 Nxc3 15.
Qc2 Be4 16. Qxc3 Bd3 17. Qxd3 a5 18. Nd2 Nf6 19. e4 a4 20. Rfd1 Rfd8 21. Qc2 h6
22. e5 dxe5 23. Bxe5 Qc6 24. Nf3 Rxd1+ 25. Rxd1 Rd8 26. Rxd8+ Bxd8 27. h3 Nd7
28. Bc3 Bc7 29. Nd2 f5 30. b3 axb3 31. Qxb3 Qd6 32. Qb7 Nb6 33. Ba5 Kh7 34. Bxb6
e5 0-1

[Event "SportAccord Blitz 2014"]
[Site "Beijing CHN"]
[Date "2014.12.13"]
[Round "28.6"]
[White "Aronian, Levon"]
[Black "Leko, Peter"]
[Result "1/2-1/2"]
[WhiteTitle "GM"]
[BlackTitle "GM"]
[WhiteElo "2797"]
[BlackElo "2723"]
[WhiteFideId "13300474"]
[BlackFideId "703303"]
[EventDate "2014.12.13"]

1. Nf3 Nf6 2. c4 c5 3. g3 d5 4. cxd5 Nxd5 5. Bg2 Nc6 6. O-O e5 7. Nc3 Be6 8. Ng5
Qxg5 9. Nxd5 Qd8 10. Ne3 Qd7 11. b3 Be7 12. Bb2 f6 13. f4 exf4 14. Rxf4 O-O 15.
Qf1 Qxd2 16. Re4 Bf7 17. Ba3 Rfe8 18. Rd1 Qxa2 19. Bc1 Qxb3 20. Rd3 Qb1 21. Nf5
Bf8 22. Rg4 g6 23. Rd1 Rad8 24. Re1 Ne5 25. Nh6+ Bxh6 26. Bxh6 Qxe1 27. Qxe1
Nxg4 28. Bf4 g5 29. Bc1 Ne3 30. Bd2 Nxg2 31. Kxg2 b6 32. h4 h6 33. Kf2 Re6 34.
Bc3 Rde8 35. Qa1 Rxe2+ 36. Kg1 a5 37. Qa4 Kg7 38. hxg5 hxg5 39. Qg4 Kg6 40. Qf3
R8e6 41. g4 Kg7 42. Bxf6+ Rxf6 43. Qxe2 c4 44. Qe5 Kg6 45. Qe4+ Kh6 46. Qd4 Kg6
47. Qe4+ Kg7 48. Qe5 Kg6 49. Qe4+ Kh6 50. Qd4 Kg6 51. Qe4+ Kg7 52. Qe5 Kg6 53.
Qe4+ 1/2-1/2

[Event "SportAccord Blitz 2014"]
[Site "Beijing CHN"]
[Date "2014.12.13"]
[Round "28.7"]
[White "Harikrishna, Pentala"]
[Black "Ponomariov, Ruslan"]
[Result "0-1"]
[WhiteTitle "GM"]
[BlackTitle "GM"]
[WhiteElo "2727"]
[BlackElo "2714"]
[WhiteFideId "5007003"]
[BlackFideId "14103320"]
[EventDate "2014.12.13"]

1. Nf3 d6 2. g3 e5 3. Bg2 f5 4. O-O Nf6 5. c4 g6 6. Nc3 Bg7 7. d3 O-O 8. Rb1 h6
9. b4 g5 10. b5 Kh8 11. Ba3 Nbd7 12. Nd2 a6 13. Qb3 axb5 14. cxb5 Nb6 15. Bb4
Qe8 16. a4 Be6 17. Qc2 Rb8 18. a5 Nbd7 19. a6 e4 20. dxe4 f4 21. e5 Nxe5 22.
axb7 Qh5 23. Nce4 Nd5 24. Nxd6 Nxb4 25. Qxc7 Nd5 26. Qc5 Ng4 27. h3 fxg3 28.
fxg3 Nge3 29. Rxf8+ Rxf8 30. g4 Bxg4 31. N6c4 Qf7 32. Rf1 Nxf1 33. Bxd5 Qf6 34.
Ne4 Qf4 35. Qxf8+ Bxf8 36. hxg4 Ng3 37. Nxg3 Qxg3+ 0-1

[Event "SportAccord Blitz 2014"]
[Site "Beijing CHN"]
[Date "2014.12.13"]
[Round "29.2"]
[White "Vachier-Lagrave, Maxime"]
[Black "Dominguez Perez, Leinier"]
[Result "0-1"]
[WhiteTitle "GM"]
[BlackTitle "GM"]
[WhiteElo "2758"]
[BlackElo "2726"]
[WhiteFideId "623539"]
[BlackFideId "3503240"]
[EventDate "2014.12.13"]

1. d4 d5 2. c4 dxc4 3. Nf3 Nf6 4. e3 e6 5. Bxc4 a6 6. O-O c5 7. dxc5 Bxc5 8.
Qxd8+ Kxd8 9. Ne5 Ke7 10. Be2 Nbd7 11. Nd3 Bd6 12. Nd2 Nc5 13. Nxc5 Bxc5 14. Nb3
Bd6 15. Bf3 Rb8 16. Bd2 Bd7 17. Rac1 b6 18. Nd4 Rhc8 19. Rxc8 Rxc8 20. Bb7 Rb8
21. Bxa6 b5 22. Rc1 Ne4 23. Ba5 Nc5 24. Bc7 Nxa6 25. Bxb8 Nxb8 26. a3 e5 27. Nb3
Na6 28. Na5 Nc5 29. b4 Nd3 30. Rc3 e4 31. f3 f5 32. Nc6+ Kf6 33. f4 Nb2 34. Nd4
Nc4 35. Kf2 h6 36. a4 Bxb4 37. Rb3 Bc5 38. axb5 Bxd4 39. exd4 Nb6 40. Ra3 Ke7
41. Ra6 Nd5 42. b6 e3+ 43. Ke1 Kd6 44. g3 Kc6 45. Ra5 Nxb6 46. Ke2 Nd5 47. Ra6+
Kc7 48. Ra7+ Kd6 49. Ra6+ Bc6 50. Kd3 Nb4+ 0-1

[Event "SportAccord Blitz 2014"]
[Site "Beijing CHN"]
[Date "2014.12.13"]
[Round "29.5"]
[White "Nepomniachtchi, Ian"]
[Black "Wang, Hao"]
[Result "1-0"]
[WhiteTitle "GM"]
[BlackTitle "GM"]
[WhiteElo "2714"]
[BlackElo "2710"]
[WhiteFideId "4168119"]
[BlackFideId "8602883"]
[EventDate "2014.12.13"]

1. e4 e5 2. Nf3 Nc6 3. d4 exd4 4. Nxd4 Qf6 5. Nb3 Qg6 6. f3 Bd6 7. g4 h5 8. g5
Nge7 9. Nc3 Be5 10. Be3 Bxc3+ 11. bxc3 b6 12. Bg2 Bb7 13. f4 f5 14. O-O O-O-O
15. Qd3 Rhf8 16. Rae1 fxe4 17. Bxe4 Nf5 18. Bd4 d5 19. Bxf5+ Rxf5 20. Bxg7 Rg8
21. Bd4 Kb8 22. h4 Bc8 23. Nc1 Qd6 24. Ne2 Rgf8 25. Be3 R5f7 26. Ng3 Ne7 27. Bd4
Ng6 28. f5 Ba6 29. Qe3 Nxh4 30. Be5 Qd7 31. g6 Nxf5 32. Rxf5 Rxf5 33. g7 Rg8 34.
Nxf5 Qxf5 35. Qg3 Qf7 36. Re3 Kb7 37. Rf3 Qe7 38. Kf2 Bc4 39. a4 d4 40. cxd4 Bd5
41. Rc3 c6 42. Ke2 h4 43. Qg4 Be6 44. Qg6 h3 45. Re3 Bc4+ 46. Kf2 Qh4+ 47. Qg3
Qh5 48. Kg1 Bd5 49. Kh2 Qd1 50. Kxh3 Qxc2 51. Kh4 Ka6 52. Kg5 Re8 53. Qf4 Re6
54. Qf5 Qg2+ 55. Rg3 Qd2+ 56. Bf4 Qxd4 57. g8=Q Re4 58. Qgc8+ Ka5 59. Qf6 Qd1
60. Qc3+ Rb4 61. Qc7 1-0

[Event "SportAccord Blitz 2014"]
[Site "Beijing CHN"]
[Date "2014.12.13"]
[Round "29.7"]
[White "Aronian, Levon"]
[Black "Harikrishna, Pentala"]
[Result "1-0"]
[WhiteTitle "GM"]
[BlackTitle "GM"]
[WhiteElo "2797"]
[BlackElo "2727"]
[WhiteFideId "13300474"]
[BlackFideId "5007003"]
[EventDate "2014.12.13"]

1. Nf3 Nf6 2. g3 d5 3. Bg2 c6 4. c4 dxc4 5. O-O g6 6. Na3 Bg7 7. Nxc4 O-O 8. b3
Nd5 9. d4 c5 10. Bb2 cxd4 11. Nxd4 Na6 12. Rc1 Nab4 13. a3 Na6 14. b4 Nac7 15.
Qc2 e5 16. Nf3 e4 17. Qxe4 Bf5 18. Qh4 Bxb2 19. Nxb2 Re8 20. Ng5 Nf6 21. e4 Bg4
22. h3 Bh5 23. Qf4 Be2 24. Rxc7 Bxf1 25. Bxf1 Re7 26. Rc1 Qd4 27. Nd3 Nxe4 28.
Nxe4 Qxe4 29. Qxe4 Rxe4 30. Nc5 Re7 31. Nxb7 Rxb7 32. Bg2 Rab8 33. Bxb7 Rxb7 34.
Rc5 Re7 35. Kg2 Kg7 36. g4 Rd7 37. Ra5 Kf6 38. Kg3 h6 39. h4 Rd3+ 40. f3 Rd7 41.
Kf4 Re7 42. Ra6+ Kg7 43. b5 Rb7 44. a4 Re7 45. g5 hxg5+ 46. Kxg5 Re5+ 47. Kf4
Re7 48. Kg4 Rd7 49. h5 Rd4+ 50. Kg3 Rd7 51. hxg6 fxg6 52. Kg4 Kh6 53. f4 Rf7 54.
Re6 Rd7 55. Rc6 Rf7 56. a5 Rd7 57. f5 Rd4+ 58. Kf3 Rd5 59. Rxg6+ Kh5 60. Ke4
Rxb5 61. Ra6 Rb7 62. Ke5 Kg5 63. Rg6+ Kh5 64. Rg1 Rb5+ 65. Ke6 Rxa5 66. f6 Ra2
67. f7 Re2+ 68. Kf6 Rf2+ 69. Kg7 1-0

[Event "SportAccord Blitz 2014"]
[Site "Beijing CHN"]
[Date "2014.12.13"]
[Round "30.2"]
[White "Dominguez Perez, Leinier"]
[Black "Wojtaszek, Radoslaw"]
[Result "1/2-1/2"]
[WhiteTitle "GM"]
[BlackTitle "GM"]
[WhiteElo "2726"]
[BlackElo "2744"]
[WhiteFideId "3503240"]
[BlackFideId "1118358"]
[EventDate "2014.12.13"]

1. e4 c6 2. d4 d5 3. Nc3 dxe4 4. Nxe4 Nd7 5. Nf3 Ngf6 6. Nc3 e6 7. Bf4 b6 8. Bd3
Bb7 9. O-O Be7 10. Qe2 O-O 11. Rad1 c5 12. dxc5 Bxc5 13. Ne5 Qe7 14. Nxd7 Nxd7
15. Ne4 Bxe4 16. Bxe4 Rad8 17. c3 Nf6 18. Bf3 h6 19. g3 Bd6 20. Bxd6 Rxd6 21.
Rxd6 Qxd6 22. Rd1 Qc7 23. Qd3 e5 24. Qd6 Qxd6 25. Rxd6 Rc8 26. Bb7 Rc7 27. Rd8+
Kh7 28. Ba6 Kg6 29. Kf1 Kf5 30. Bc8+ Kg6 31. Ke2 Ne4 32. Bh3 Kf6 33. Bg2 Nc5 34.
b3 Ke7 35. Rd2 Ne6 36. Rd3 f5 37. c4 Nd4+ 38. Ke3 Nc2+ 39. Ke2 Nd4+ 40. Ke3 Nc2+
41. Ke2 Nd4+ 42. Ke3 Nc2+ 1/2-1/2